| 000 | 00806nam a2200241 a 4500 | ||
|---|---|---|---|
| 001 | 13862 | ||
| 003 | BD-JhCC | ||
| 005 | 20240425130435.0 | ||
| 008 | 230516s2021 b |||| |||| 000 0 b d | ||
| 020 | _a9789849605829 | ||
| 035 | _a(BD-JhCC)13862 | ||
| 040 |
_aBD-JhCC _dBD-JhCC |
||
| 041 | _abengali | ||
| 082 |
_a158.12 _bTRA 2021 |
||
| 100 | _a ট্রেসি ,ব্রায়ান | ||
| 245 |
_aটাইম ম্যানেজমেন্ট / _c ব্রায়ান ট্রেসি,অনু: অনন্য আহমেদ। |
||
| 260 |
_aঢাকা : _bকল্লোল প্রকাশনী, _c2021. |
||
| 300 |
_a104 p. : _c22 cm. |
||
| 650 | _aSelf-development and meditation | ||
| 700 | _aআহমেদ, অনন্য | ||
| 942 |
_2ddc _cBK |
||
| 999 |
_c13862 _d13862 |
||